00375nam a2200181Ia 4500008003600000020001800036041000800054082001600062100001700078245002500095250000500120260001900125300001200144650001200156650000700168650001200175650000600187210210b xxu||||| |||| 00| 0 eng d a9780070153301 aeng a332.64 GURC aGURUSAMY (S) aCapital Markets Ed 2 a aNew Delhib-c axiv,526 aMarkets aEd aCapital a2